Zhongguo zhi wu tu jian / (Record no. 12802)
[ view plain ]
| 000 -LEADER | |
|---|---|
| fixed length control field | 01029cam a22003011i 4500 |
| 001 - CONTROL NUMBER | |
| control field | c 62004189 |
| 003 - CONTROL NUMBER IDENTIFIER | |
| control field | DLC |
| 005 - DATE AND TIME OF LATEST TRANSACTION | |
| control field | 20260227111034.0 |
| 008 - FIXED-LENGTH DATA ELEMENTS--GENERAL INFORMATION | |
| fixed length control field | 030805s1955 cc a 000 0 chi |
| 010 ## - LIBRARY OF CONGRESS CONTROL NUMBER | |
| LC control number | c 62004189 |
| 035 ## - SYSTEM CONTROL NUMBER | |
| System control number | (CStRLIN)DCLP03-B11130 |
| 040 ## - CATALOGING SOURCE | |
| Original cataloging agency | DLC-R |
| Transcribing agency | DLC-R |
| Modifying agency | MH-HY |
| -- | CStRLIN |
| -- | DLC-R |
| -- | DLC |
| 041 0# - LANGUAGE CODE | |
| Language code of text/sound track or separate title | chilat |
| 050 00 - LIBRARY OF CONGRESS CALL NUMBER | |
| Classification number | QK355 |
| Item number | .C462 1958 |
| 066 ## - CHARACTER SETS PRESENT | |
| Alternate G0 or G1 character set | $1 |
| 100 1# - MAIN ENTRY--PERSONAL NAME | |
| Linkage | 880-01 |
| Personal name | Jia, Zuzhang. |
| 245 10 - TITLE STATEMENT | |
| Linkage | 880-02 |
| Title | Zhongguo zhi wu tu jian / |
| Statement of responsibility, etc. | Jia Zuzhang, Jia Zushan he bian. |
| 260 ## - PUBLICATION, DISTRIBUTION, ETC. | |
| Linkage | 880-03 |
| Place of publication, distribution, etc. | Beijing : |
| Name of publisher, distributor, etc. | Zhonghua shu ju, |
| Date of publication, distribution, etc. | 1955 |
| Date of manufacture | (1958 printing). |
| 300 ## - PHYSICAL DESCRIPTION | |
| Extent | 4, 4, 16, 1529, 62, 70 p. : |
| Other physical details | ill. ; |
| Dimensions | 20 cm. |
| 546 ## - LANGUAGE NOTE | |
| Language note | In Chinese, with nomenclature also in Latin. |
| 500 ## - GENERAL NOTE | |
| General note | Colophon inserted. |
| 650 #0 - SUBJECT ADDED ENTRY--TOPICAL TERM | |
| Topical term or geographic name entry element | Botany |
| Geographic subdivision | China. |
| 700 1# - ADDED ENTRY--PERSONAL NAME | |
| Linkage | 880-04 |
| Personal name | Jia, Zushan. |
| 880 1# - ALTERNATE GRAPHIC REPRESENTATION | |
| Linkage | 100-01/$1 |
| a | 賈祖璋. |
| 880 10 - ALTERNATE GRAPHIC REPRESENTATION | |
| Linkage | 245-02/$1 |
| a | 中國植物圖鑑 / |
| c | 賈祖璋, 賈祖珊合編. |
| 880 ## - ALTERNATE GRAPHIC REPRESENTATION | |
| Linkage | 260-03/$1 |
| a | 北京 : |
| b | 中華書局, |
| c | 1955 |
| g | (1958 printing). |
| 880 1# - ALTERNATE GRAPHIC REPRESENTATION | |
| Linkage | 700-04/$1 |
| a | 賈祖珊. |
No items available.